Sports Quiz

Random Sports or Baseball Quiz

Back to Back-MLB-BA Leaders Quiz Stats

 Plays Quiz not verified by Sporcle

Challenge
Share
Tweet
Embed
Score 0/52 Timer 10:00
0 Plays Today
(AL/NL)-YRS-(TEAM) MLB Player % Correct
(AL)2011-13 (DET)Miguel Cabrera
98.2%
(NL)1994-97 (SDP)Tony Gwynn
97%
(NL)1987-89 (SDP)Tony Gwynn
97%
(AL)2008-09 (MIN)Joe Mauer
95.8%
(AL)1967-68 (BOS)Carl Yastrzemski
95.2%
(AL)1963 (BOS)Carl Yastrzemski
95.2%
(AL)1957-58 (BOS)Ted Williams
95.2%
(AL)1947-48 (BOS)Ted Williams
95.2%
(AL)1941-42 (BOS)Ted Williams
95.2%
(AL)1917-19 (DET)Ty Cobb
95.2%
(AL)1911-15 (DET)Ty Cobb
95.2%
(AL)1907-09 (DET)Ty Cobb
95.2%
(NL)2000 (COL)Todd Helton
95.2%
(AL)1977-78 (MIN)Rod Carew
94%
(AL)1972-75 (MIN)Rod Carew
94%
(AL)1985-88 (BOS)Wade Boggs
92.9%
(AL)1995 (SEA)Edgar Martinez
92.3%
(NL)1967 (PIT)Roberto Clemente
92.3%
(NL)1964-65 (PIT)Roberto Clemente
92.3%
(AL)1939-40 (NYY)Joe DiMaggio
91.7%
(NL)2001 (COL)Larry Walker
91.7%
(NL)1998-99 (COL)Larry Walker
91.7%
(NL)1968-69 (CIN)Pete Rose
90.5%
(AL)1999-00 (BOS)Nomar Garciaparra
87.5%
(AL)2002 (BOS)Manny Ramirez
86.3%
(NL)1950-52 (STL)Stan Musial
85.1%
(AL/NL)-YRS-(TEAM) MLB Player % Correct
(NL)1906-09 (PIT)Honus Wagner
85.1%
(NL)1903-04 (PIT)Honus Wagner
85.1%
(NL)1920-25 (STL)Rogers Hornsby
81.5%
(NL)1936 (PIT)Paul Waner
74.4%
(NL)1934 (PIT)Paul Waner
74.4%
(AL)1996 (SEA)Alex Rodriguez
73.2%
(AL)1901-04 (CLE)Nap Lajoie
72%
(AL)1971 (MIN)Tony Oliva
70.8%
(AL)1964-65 (MIN)Tony Oliva
70.8%
(NL)1977-78 (PIT)Dave Parker
70.8%
(AL)1930-31 (PHA)Al Simmons
63.7%
(NL)1975-76 (CHC)Bill Madlock
59.5%
(AL)2003 (BOS)Bill Mueller
57.7%
(NL)1962-63 (LAD)Tommy Davis
56.5%
(AL)1927 (DET)Harry Heilmann
54.8%
(AL)1925 (DET)Harry Heilmann
54.8%
(NL)1966 (PIT)Matty Alou
45.8%
(NL)1935 (PIT)Arky Vaughan
42.3%
(NL)2014 (COL)Justin Morneau
33.9%
(NL)2013 (COL)Michael Cuddyer
30.4%
(AL)1962 (BOS)Pete Runnels
29.2%
(AL)1926 (DET)Heinie Manush
27.4%
(AL)1951-52 (PHA)Ferris Fain
23.8%
(NL)1917 (CIN)Edd Roush
23.8%
(NL)1913-14 (BRO)Jake Daubert
15.5%
(NL)1916 (CIN)Hal Chase
13.1%

You're not logged in!

Compare scores with friends on all Sporcle quizzes.
Join for Free
OR
Log In

You Might Also Like...

Show Comments

Extras

Top Quizzes Today


Score Distribution

Your Account Isn't Verified!

In order to create a playlist on Sporcle, you need to verify the email address you used during registration. Go to your Sporcle Settings to finish the process.

Report this User

Report this user for behavior that violates our Community Guidelines.

Details: